Представление документа в формате MARC21

Поле Инд. ПП Название Значение
Тип записи a
Библиографический уровень m
001 Контрольный номер 34810b89ca1b401b93340bee7030b21f
005 Дата корректировки 20200506121527.5
008 Кодируемые данные 151021|||||||||ru |||||||||||||||||rus||
020 a ISBN 978-5-9904099-7-2
041 0_ a Код языка текста rus
084 a Индекс другой классификации/Индекс ББК 65.9(2Рос)-97+66.3(2Рос)+66.4(2Рос)
090 a Полочн. индекс 65.9(2Рос)
x Авторский знак Р 76
245 10 a Заглавие Россия 2015
b Продолж. заглавия Ежегодный доклад Франко-российского аналитического центра Обсерво
c Ответственность под рук. А. Дюбьена
260 a Место издания Москва
b Издательство Новый век медиа
c Дата издания 2015
300 a Объем 629 с.
b Иллюстрации/ тип воспроизводства ил.
650 04 a Основная рубрика Российская Федерация-Внешняя политика, 2015-Доклады
650 04 a Основная рубрика Российская Федерация-Внутренняя политика, 2015-Доклады
650 04 a Основная рубрика Российская Федерация-Экономика, 2015-Доклады
651 _4 a Географическое наименование Франция
651 _4 a Географическое наименование Россия
653 0_ a Ключевые слова Внешняя политика
a Ключевые слова Внешняя торговля
a Ключевые слова Внешнеэкономическая деятельность
a Ключевые слова Внутренняя политика
a Ключевые слова Налоговая политика
a Ключевые слова Обороноспособность
a Ключевые слова Присоединение Крыма
a Ключевые слова Регионы
a Ключевые слова Французско-российские отношения
a Ключевые слова Российско-украинские отношения
a Ключевые слова Российско-американские отношения
a Ключевые слова Российско-китайские отношения
a Ключевые слова Российско-турецкие отношения
a Ключевые слова Экономика России
901 t Тип документа m